<?xml version="1.0" encoding="UTF-8"?>
<collection xmlns="http://www.loc.gov/MARC21/slim">
<record>
  <controlfield tag="001">345249</controlfield>
  <controlfield tag="005">20240928182608.0</controlfield>
  <datafield tag="035" ind1=" " ind2=" ">
    <subfield code="a">G:(GEPRIS)525176435</subfield>
  </datafield>
  <datafield tag="024" ind1="7" ind2=" ">
    <subfield code="a">G:(GEPRIS)525176435</subfield>
    <subfield code="d">525176435</subfield>
  </datafield>
  <datafield tag="040" ind1=" " ind2=" ">
    <subfield code="a">GEPRIS</subfield>
    <subfield code="c">http://gepris.its.kfa-juelich.de</subfield>
  </datafield>
  <datafield tag="150" ind1=" " ind2=" ">
    <subfield code="a">Verdauerung der Extinktion: Mechanistisches Verständnis und kausale Befragung der Rolle der ventromedialen präfrontalen Kortex in der Extinktionsgedächtniskonsolidierung</subfield>
    <subfield code="y">2023 -</subfield>
  </datafield>
  <datafield tag="371" ind1=" " ind2=" ">
    <subfield code="a">Professor Dr. Til Ole Bergmann</subfield>
  </datafield>
  <datafield tag="371" ind1=" " ind2=" ">
    <subfield code="a">Professor Dr. Raffael Kalisch</subfield>
  </datafield>
  <datafield tag="371" ind1=" " ind2=" ">
    <subfield code="a">Professor Dr. Albrecht Stroh</subfield>
  </datafield>
  <datafield tag="450" ind1=" " ind2=" ">
    <subfield code="a">DFG project G:(GEPRIS)525176435</subfield>
    <subfield code="w">d</subfield>
    <subfield code="y">2023 -</subfield>
  </datafield>
  <datafield tag="510" ind1="1" ind2=" ">
    <subfield code="a">Deutsche Forschungsgemeinschaft</subfield>
    <subfield code="0">I:(DE-588b)2007744-0</subfield>
    <subfield code="b">DFG</subfield>
  </datafield>
  <datafield tag="680" ind1=" " ind2=" ">
    <subfield code="a">Im Prozess der Furchtextinktion lernt das Individuum, dass ein einst bedrohlicher Reiz nun sicher geworden ist. Die Furchtextinktion führt zur Etablierung eines furcht-hemmenden Sicherheitsgedächtnisses (‚Extinktionsgedächtnis‘), dessen Wiederabruf bei der Wiederbegegnung mit dem einst bedrohlichen Reiz das Wiederaufflammen der exinguierten Furchtantwort verhindert. Es wird angenommen, dass die Furchtextinktion für die unmittelbare furcht-/angstreduzierende Wirkung der Expositionstherapie verantwortlich ist und dass die Konsolidierung der während der Exposition gebildeten Extinktionsgedächtnisspuren in starke Langzeitgedächtnisse den langfristigen Effekt der Expositionstherapie ausmacht. Daher stellt die Untersuchung der neurophysiologischen Mechanismen der Extinktionsgedächtniskonsolidierung ein wichtiges Thema sowohl der neurowissenschaftlichen Grundlagenforschung zu Lernen und Gedächtnis als auch der klinischen Forschung zu Furcht- und Angsterkrankungen dar. Auf der Grundlage eigener Vorarbeiten konzentrieren wir uns in diesem Projekt auf den Beitrag spontaner Reaktivierungen neuraler Aktivität des ventromedialen präfrontalen Kortex (vmPFC), die zuerst mit Hilfe der funktionellen Magnetresonanztomographie (fMRT) während dem Extinktionslernen beobachtet wird, in der anschließenden Gedächtniskonsolidierungsphase. Wir streben an, die elektrophysiologischen Korrelate dieser fMRT-Reaktivierungen sowohl im Menschen (in der Elektroenzephalographie, EEG) als auch in der Ratte (in optischen und elektrophysiologischen Aufzeichnungen) zu bestimmen. Darauf aufbauend, manipulieren wir die Reaktivierungen anatomisch präzise durch tonische und aktivitätsgetriggerte Transkranielle Magnetstimulation (TMS) im Menschen und aktivitätsgetriggerte Optogenetik in der Ratte, um auf diese Weise ihre kausale Wirkung auf die Extinktionskonsolidierung zu testen. Diese Untersuchungen werden von neuesten methodologischen Entwicklungen in unseren Labors und einem konsequenten komparativ-translationalen Ansatz profitieren. Unser Projekt wird neue Einsichten in die Mechanismen der Extinktionskonsolidierung erlauben und neue Wege für die neurobiologische Verstärkung dieses zentralen Resilienz- und Therapieprozesses eröffnen.</subfield>
  </datafield>
  <datafield tag="909" ind1="C" ind2="O">
    <subfield code="o">oai:juser.fz-juelich.de:1015059</subfield>
    <subfield code="p">authority:GRANT</subfield>
    <subfield code="p">authority</subfield>
  </datafield>
  <datafield tag="980" ind1=" " ind2=" ">
    <subfield code="a">G</subfield>
  </datafield>
  <datafield tag="980" ind1=" " ind2=" ">
    <subfield code="a">AUTHORITY</subfield>
  </datafield>
  <datafield tag="909" ind1="C" ind2="O">
    <subfield code="o">oai:juser.fz-juelich.de:1015059</subfield>
  </datafield>
</record>
</collection>